Shakespearean Lovers Quiz Stats

 Plays Quiz Updated Sep 26, 2019

Score 0/24 Timer 06:00
2 Plays Today
Male Female % Correct
RomeoJuliet
99.3%
HamletOphelia
78.7%
AntonyCleopatra
74.7%
MacbethLady Macbeth
71.8%
OthelloDesdemona
63.9%
BenedickBeatrice
43.2%
DemetriusHelena
39.9%
LysanderHermia
39.4%
PetruchioKatherina
37.6%
OrsinoViola
35.4%
SebastianOlivia
28%
ClaudioHero
24.3%
Male Female % Correct
OrlandoRosalind
24.3%
Duke of CornwallRegan
22.4%
Duke of AlbanyGoneril
21.8%
Richard IIIAnne
19.8%
FerdinandMiranda
19.4%
Henry VKatharine
14.2%
LeontesHermione
13.5%
LucentioBianca
11.5%
LorenzoJessica
10.5%
FlorizelPerdita
9.1%
HotspurLady Percy
7.6%
BerowneRosaline
6%

You're not logged in!

Compare scores with friends on all Sporcle quizzes.
OR
Log In

Sporcle TV

Today on Sporcle TV


Watch our educational content, quiz creation guides, and fun videos on Sporcle TV.

Show Comments

Extras

Top Quizzes Today


Score Distribution

Your Account Isn't Verified!

In order to create a playlist on Sporcle, you need to verify the email address you used during registration. Go to your Sporcle Settings to finish the process.

Report this User

Report this user for behavior that violates our Community Guidelines.

Details: